| 000 | 00381nam a2200133 4500 | ||
|---|---|---|---|
| 005 | 20260530113856.0 | ||
| 100 | 1 |
_aFondazione Ermanno Cazzoli _931729 |
|
| 245 | 1 | 0 | _aSissi. La storia di ambiente ed aria / Elica |
| 264 | 1 |
_bFondazione Ermanno Cazzoli _c2011 |
|
| 300 | _a150 páginas | ||
| 336 |
_atexto _2rdacontent |
||
| 337 |
_asin medio _2rdamedia |
||
| 338 |
_avolumen _2rdacarrier |
||
| 999 |
_c11619 _d11619 |
||